[Event "30th Cracovia Festival-A 2019"]
[Site "Krakow"]
[Date "2020.01.03"]
[Round "8.5"]
[White "Tomczak, Jacek"]
[Black "Fus, Jakub"]
[Result "1-0"]
[WhiteElo "2605"]
[BlackElo "2363"]
[Annotator "TA"]
[PlyCount "65"]
[EventDate "2019.12.27"]
[EventCountry "POL"]
[SourceTitle "playchess.com"]
[Source "ChessBase"]
[SourceQuality "1"]

{[%evp 9,65,-6,12,5,8,-1,7,0,0,-6,7,-24,7,-46,27,-57,-65,-50,-43,-75,-84,-76,-43,-54,-66,-56,-28,-94,68,71,57,66,177,166,171,153,234,227,245,244,251,239,292,294,276,269,310,281,333,80,464,459,595,553,461,94,29975,6387]} 1. e4 c6 2. d4 d5 3. f3 e6 4. Nc3 Bb4 5. Bd2 dxe4 (5... Ne7 6. Nce2 Bxd2+ 7. Qxd2 O-O 8. O-O-O c5 9. dxc5 Nbc6 10. exd5 exd5 11. Nd4 Nxd4 12. Qxd4 Nf5 13. Qf4 {0-1 (90) Sindarov,J (2421)-Salem,A (2676) Dubai 2019}) 6. Nxe4 {B12: Caro-Kann: Advance Variation} Be7 7. Qe2 Nf6 8. O-O-O {The position is equal.} b5 $146 ({Predecessor:} 8... Nxe4 9. Qxe4 Nd7 10. f4 Nf6 11. Qd3 b5 12. h3 a5 13. Nf3 {0-1 (22) Klein,A-Neumann,N Germany 1991}) 9. g4 Nbd7 10. Bg2 Bb7 11. Nh3 ({Better is} 11. h4 $11) 11... Qb6 (11... b4 $15) 12. Bf4 (12. Nxf6+ $11 Nxf6 13. f4) 12... O-O $15 13. Bd6 Rfe8 14. Nhg5 Nd5 15. Qf2 h6 16. Nh3 f5 17. Bxe7 {Bd6 is the strong threat.} Rxe7 18. Nd6 {[#]} (18. g5 $11) 18... f4 $2 (18... Qa5 $1 $17 {[%cal Ra5a2]} 19. Kb1 (19. Nxb7 Qxa2 20. Rd3 Qa1+ 21. Kd2 Qxb2 $17) 19... N7b6 20. Nxb7 Rxb7) 19. g5 $14 hxg5 20. Nxg5 {aiming for Bh3.} c5 (20... Rd8 $14) 21. Nxb7 $18 Qxb7 22. Bh3 Qc6 (22... Qa6 $16) 23. dxc5 $40 {[%mdl 128] White has strong attack.} (23. Qh4 $6 Nf8 $16) 23... Rc8 24. Qh4 {Threatening mate with Qh7+.} N7f6 25. Kb1 Qxc5 26. Bxe6+ Rxe6 27. Nxe6 Qxc2+ 28. Ka1 {And now Rhg1! would win.} Ne3 {[#]} 29. Qg5 $2 (29. Rdg1 $1 $18 {[%csl Ge6][%cal Rg1g7] is the precise move to win.} Kf7 30. Qh3 (30. Nxg7 Qd3 $19) (30. Nxf4 Qc4 $11)) 29... Qh7 $2 {[%mdl 8192]} (29... Ne8 $16 30. Nd4 (30. Nxf4 Nxd1 31. Qd5+ {[%mdl 64] Double Attack} Kf8 $14) 30... Qc4) 30. Rc1 Nc2+ 31. Rxc2 $1 Rxc2 32. Qxf4 $2 (32. Rg1 $18 {and the rest is easy.}) 32... Qh3 $2 {[%mdl 8192]} (32... Qd3 $16) 33. Qb8+ {[%mdl 64] Double Attack. Accuracy: White = 31%, Black = 22%.} ({Not} 33. Qd6 Qg2 $18) 1-0

[Event "30th Cracovia Festival-A 2019"]
[Site "Krakow"]
[Date "2020.01.03"]
[Round "8.6"]
[White "Tazbir, Marcin"]
[Black "Chmiel, Marcin"]
[Result "1/2-1/2"]
[WhiteElo "2525"]
[BlackElo "2230"]
[Annotator "TA"]
[PlyCount "18"]
[EventDate "2019.12.27"]
[EventCountry "POL"]
[SourceTitle "playchess.com"]
[Source "ChessBase"]
[SourceQuality "1"]

{[%evp 9,18,22,20,14,21,-10,-8,-40,-31,-41,-32]} 1. e4 c6 2. d4 d5 3. Nc3 dxe4 4. Nxe4 Bf5 5. Qf3 e6 6. c3 {B18: Classical Caro-Kann: 4...Bf5 sidelines} (6. Ne2 Nd7 7. N2g3 Bg6 8. h4 h6 9. Bd3 Ngf6 10. c3 Nxe4 11. Nxe4 Nf6 12. Nxf6+ Qxf6 13. Qxf6 gxf6 {½-½ (62) Demchenko,A (2679)-Dreev,A (2670) chess.com INT 2019}) 6... Nd7 7. h4 $146 ({Predecessor:} 7. Ng3 Bg6 8. N1e2 Qh4 9. Nf4 Ngf6 10. Nxg6 hxg6 11. Ne2 Bd6 12. g3 Qh5 13. Qxh5 Rxh5 {½-½ (97) Steinberg,N (2435)-Predke,A (2537) Pardubice 2015}) 7... Ngf6 8. Ng3 Bg4 9. Qd3 e5 1/2-1/2

[Event "30th Cracovia Festival-A 2019"]
[Site "Krakow"]
[Date "2020.01.03"]
[Round "8.7"]
[White "Zylka, Stanislaw"]
[Black "Jarmula, Lukasz"]
[Result "1/2-1/2"]
[WhiteElo "2334"]
[BlackElo "2466"]
[Annotator "ChessBase"]
[PlyCount "68"]
[EventDate "2019.12.27"]
[EventCountry "POL"]
[SourceTitle "playchess.com"]
[Source "ChessBase"]
[SourceQuality "1"]
[TimeControl "40/5400+30:1800+30"]

1. e4 {[%emt 0:00:00]} c5 {[%emt 0:00:00]} 2. Nf3 {[%emt 0:00:00]} d6 {[%emt 0:00:00]} 3. Bb5+ {[%emt 0:00:00]} Bd7 {[%emt 0:01:22]} 4. c4 {[%emt 0:00:00]} Bxb5 {[%emt 0:00:20]} 5. cxb5 {[%emt 0:00:07]} Nf6 {[%emt 0:00:05]} 6. Nc3 {[%emt 0:00:17]} g6 {[%emt 0:00:06]} 7. d4 {[%emt 0:00:43]} cxd4 {[%emt 0:00:08]} 8. Nxd4 {[%emt 0:00:41]} Bg7 {[%emt 0:00:07]} 9. O-O {[%emt 0:00:29]} O-O {[%emt 0:00:09]} 10. Re1 {[%emt 0:01:55]} Nbd7 {[%emt 0:08:24]} 11. Bg5 {[%emt 0:03:09]} h6 {[%emt 0:05:30]} 12. Bh4 {[%emt 0:02:17]} Qb6 {[%emt 0:04:55]} 13. Nc2 {[%emt 0:01:14]} e6 {[%emt 0:02:42]} 14. Qd2 {[%emt 0:11:26]} g5 {[%emt 0:03:02]} 15. Bg3 {[%emt 0:00:21]} Ne5 {[%emt 0:00:06]} 16. Na3 {[%emt 0:01:26]} Nh5 {[%emt 0:03:54]} 17. Red1 {[%emt 0:06:48]} Rfd8 {[%emt 0:07:19]} 18. Rac1 {[%emt 0:02:50]} Qa5 {[%emt 0:03:14]} 19. Qe2 {[%emt 0:08:18]} Nf4 {[%emt 0:03:51]} 20. Bxf4 {[%emt 0:00:49]} gxf4 {[%emt 0:00:08]} 21. Nc2 {[%emt 0:04:08]} Rac8 {[%emt 0:02:39]} 22. Nd4 {[%emt 0:07:56]} Nc4 {[%emt 0:03:54]} 23. a3 {[%emt 0:07:23]} a6 {[%emt 0:07:07]} 24. h3 {[%emt 0:10:37]} axb5 {[%emt 0:04:35]} 25. Ncxb5 {[%emt 0:02:24]} Nb6 {[%emt 0:02:32]} 26. Rxc8 {[%emt 0:00:45]} Nxc8 {[%emt 0:00:27]} 27. Qg4 {[%emt 0:01:57]} Kh8 {[%emt 0:03:29]} 28. Qh4 {[%emt 0:02:29]} Rf8 {[%emt 0:07:44]} 29. b4 {[%emt 0:06:05]} Qa6 {[%emt 0:04:23]} 30. Rc1 {[%emt 0:01:49]} Qb6 {[%emt 0:03:52]} 31. Rc4 {[%emt 0:04:29]} Qa6 {[%emt 0:01:59]} 32. Rc7 {[%emt 0:01:14]} Qb6 {[%emt 0:00:39]} 33. Rc4 {[%emt 0:00:28]} Qa6 {[%emt 0:01:24]} 34. Rc7 {[%emt 0:00:40]} Qb6 {[%emt 0:00:22]} 1/2-1/2

[Event "30th Cracovia Festival-A 2019"]
[Site "Krakow"]
[Date "2020.01.03"]
[Round "8.8"]
[White "Brodowski, Piotr"]
[Black "Kruglyakov, Pavlo"]
[Result "1/2-1/2"]
[WhiteElo "2445"]
[BlackElo "2357"]
[Annotator "ChessBase"]
[PlyCount "133"]
[EventDate "2019.12.27"]
[EventCountry "POL"]
[SourceTitle "playchess.com"]
[Source "ChessBase"]
[SourceQuality "1"]
[TimeControl "40/5400+30:1800+30"]

1. c4 {[%emt 0:00:00]} c5 {[%emt 0:06:42]} 2. Nc3 {[%emt 0:00:11]} Nc6 {[%emt 0:00:59]} 3. g3 {[%emt 0:00:15]} g6 {[%emt 0:00:17]} 4. Bg2 {[%emt 0:00:10]} Bg7 {[%emt 0:00:06]} 5. Nf3 {[%emt 0:01:06]} e5 {[%emt 0:00:29]} 6. O-O {[%emt 0:01:12]} Nge7 {[%emt 0:00:16]} 7. d3 {[%emt 0:00:33]} d6 {[%emt 0:03:32]} 8. Bg5 {[%emt 0:01:10]} h6 {[%emt 0:03:58]} 9. Bxe7 {[%emt 0:00:14]} Nxe7 {[%emt 0:02:35]} 10. Ne1 {[%emt 0:00:37]} a6 {[%emt 0:21:15]} 11. Nc2 {[%emt 0:02:55]} Rb8 {[%emt 0:02:48]} 12. a4 {[%emt 0:04:52]} O-O {[%emt 0:02:56]} 13. Ne3 {[%emt 0:04:21]} f5 {[%emt 0:03:02]} 14. Ned5 {[%emt 0:05:57]} Nc6 {[%emt 0:00:07]} 15. e3 {[%emt 0:06:51]} Kh7 {[%emt 0:01:30]} 16. Qd2 {[%emt 0:08:24]} Be6 {[%emt 0:02:41]} 17. Rab1 {[%emt 0:03:58]} a5 {[%emt 0:07:49]} 18. f4 {[%emt 0:09:32]} exf4 {[%emt 0:04:58]} 19. Nxf4 {[%emt 0:06:45]} Bf7 {[%emt 0:03:31]} 20. Bd5 {[%emt 0:01:59]} Qd7 {[%emt 0:02:27]} 21. Bxf7 {[%emt 0:08:30]} Rxf7 {[%emt 0:00:12]} 22. Ncd5 {[%emt 0:05:29]} Re8 {[%emt 0:01:42]} 23. Rf2 {[%emt 0:05:10]} Qd8 {[%emt 0:01:57]} 24. Rbf1 {[%emt 0:00:48]} Ne5 {[%emt 0:00:12]} 25. h3 {[%emt 0:02:50]} h5 {[%emt 0:06:51]} 26. Ng2 {[%emt 0:02:41]} Bh6 {[%emt 0:01:20]} 27. Qd1 {[%emt 0:02:39]} Ref8 {[%emt 0:01:03]} 28. b3 {[%emt 0:00:50]} Qd7 {[%emt 0:05:43]} 29. d4 {[%emt 0:01:18]} cxd4 {[%emt 0:02:14]} 30. exd4 {[%emt 0:00:07]} Nc6 {[%emt 0:00:13]} 31. Ndf4 {[%emt 0:03:43]} d5 {[%emt 0:06:26]} 32. Nxd5 {[%emt 0:00:38]} Bg7 {[%emt 0:00:43]} 33. Kh1 {[%emt 0:03:08]} Qd6 {[%emt 0:01:20]} 34. Rf4 {[%emt 0:01:34]} Bh6 {[%emt 0:00:40]} 35. R4f3 {[%emt 0:00:12]} Bg7 {[%emt 0:00:09]} 36. Rd3 {[%emt 0:00:22]} Re8 {[%emt 0:03:46]} 37. g4 {[%emt 0:01:37]} hxg4 {[%emt 0:00:48]} 38. hxg4 {[%emt 0:00:05]} Re4 {[%emt 0:01:08]} 39. gxf5 {[%emt 0:00:32]} Bxd4 {[%emt 0:00:32]} 40. f6 {[%emt 0:00:00]} Kg8 {[%emt 0:00:00]} 41. Rh3 {[%emt 0:09:07]} Qd7 {[%emt 0:11:13]} 42. Ngf4 {[%emt 0:07:27]} Rh7 {[%emt 0:01:22]} 43. Qf3 {[%emt 0:03:27]} Rxh3+ {[%emt 0:03:37]} 44. Nxh3 {[%emt 0:01:35]} Rh4 {[%emt 0:02:57]} 45. f7+ {[%emt 0:01:49]} Kf8 {[%emt 0:00:12]} 46. Ndf4 {[%emt 0:00:17]} Ne5 {[%emt 0:01:14]} 47. Qg3 {[%emt 0:01:57]} Rg4 {[%emt 0:05:50]} 48. Ng5 {[%emt 0:02:35]} Qc6+ {[%emt 0:07:16]} 49. Kh2 {[%emt 0:01:23]} Rxg5 {[%emt 0:01:16]} 50. Qxg5 {[%emt 0:00:15]} Nf3+ {[%emt 0:00:05]} 51. Rxf3 {[%emt 0:00:08]} Qxf3 {[%emt 0:00:02]} 52. Qd8+ {[%emt 0:00:26]} Kxf7 {[%emt 0:00:04]} 53. Qxd4 {[%emt 0:01:54]} Qxb3 {[%emt 0:00:02]} 54. Nd5 {[%emt 0:00:48]} Qf3 {[%emt 0:00:50]} 55. Qf4+ {[%emt 0:01:41]} Qxf4+ {[%emt 0:00:04]} 56. Nxf4 {[%emt 0:00:04]} Kf6 {[%emt 0:01:09]} 57. Nd3 {[%emt 0:05:09]} Kf5 {[%emt 0:00:29]} 58. Nc5 {[%emt 0:01:56]} b6 {[%emt 0:00:15]} 59. Nb3 {[%emt 0:00:25]} Ke4 {[%emt 0:01:28]} 60. Kg3 {[%emt 0:00:08]} Kd3 {[%emt 0:01:01]} 61. Nxa5 {[%emt 0:00:06]} Kd4 {[%emt 0:00:29]} 62. Nc6+ {[%emt 0:03:52]} Kxc4 {[%emt 0:00:10]} 63. Kf4 {[%emt 0:00:21]} Kb3 {[%emt 0:00:23]} 64. a5 {[%emt 0:00:04]} bxa5 {[%emt 0:00:04]} 65. Nxa5+ {[%emt 0:00:02]} Ka4 {[%emt 0:00:08]} 66. Kg5 {[%emt 0:00:02]} Kxa5 {[%emt 0:00:04]} 67. Kxg6 {[%emt 0:00:03]} 1/2-1/2

[Event "30th Cracovia Festival-A 2019"]
[Site "Krakow"]
[Date "2020.01.03"]
[Round "8.9"]
[White "Kopylov, Daniel"]
[Black "Grinev, Valeriy"]
[Result "1/2-1/2"]
[WhiteElo "2294"]
[BlackElo "2441"]
[Annotator "ChessBase"]
[PlyCount "164"]
[EventDate "2019.12.27"]
[EventCountry "POL"]
[SourceTitle "playchess.com"]
[Source "ChessBase"]
[SourceQuality "1"]
[TimeControl "40/5400+30:1800+30"]

1. e4 {[%emt 0:00:00]} c5 {[%emt 0:07:44]} 2. Nf3 {[%emt 0:00:00]} Nc6 {[%emt 0:01:26]} 3. d4 {[%emt 0:00:31]} cxd4 {[%emt 0:00:06]} 4. Nxd4 {[%emt 0:00:09]} e6 {[%emt 0:00:06]} 5. Nc3 {[%emt 0:01:46]} Qc7 {[%emt 0:00:06]} 6. Be3 {[%emt 0:00:49]} a6 {[%emt 0:00:05]} 7. Qf3 {[%emt 0:01:17]} Nf6 {[%emt 0:00:08]} 8. O-O-O {[%emt 0:06:27]} Ne5 {[%emt 0:00:06]} 9. Qg3 {[%emt 0:02:19]} b5 {[%emt 0:00:23]} 10. f4 {[%emt 0:04:08]} Neg4 {[%emt 0:00:08]} 11. Bg1 {[%emt 0:03:47]} h5 {[%emt 0:00:35]} 12. e5 {[%emt 0:07:05]} b4 {[%emt 0:00:32]} 13. Na4 {[%emt 0:01:02]} Nd5 {[%emt 0:00:11]} 14. h3 {[%emt 0:10:33]} Nh6 {[%emt 0:00:15]} 15. f5 {[%emt 0:00:42]} Bb7 {[%emt 0:03:20]} 16. Bd3 {[%emt 0:05:52]} Be7 {[%emt 0:01:10]} 17. Nb3 {[%emt 0:02:49]} h4 {[%emt 0:14:42]} 18. Qe1 {[%emt 0:08:16]} Nxf5 19. Bxf5 {[%emt 0:06:05]} exf5 {[%emt 0:06:23]} 20. Bc5 {[%emt 0:00:53]} Rc8 {[%emt 0:16:34]} 21. Qf2 {[%emt 0:01:18]} Qc6 {[%emt 0:12:58]} 22. Bxe7 {[%emt 0:06:57]} Nxe7 {[%emt 0:00:10]} 23. Nac5 {[%emt 0:03:46]} Qxg2 {[%emt 0:05:26]} 24. Qd4 {[%emt 0:00:42]} Qc6 {[%emt 0:06:24]} 25. Rhg1 {[%emt 0:04:28]} Qh6+ {[%emt 0:00:08]} 26. Kb1 {[%emt 0:00:52]} Bd5 {[%emt 0:00:08]} 27. Qxb4 {[%emt 0:02:48]} Qc6 {[%emt 0:01:41]} 28. c4 {[%emt 0:02:47]} Be6 {[%emt 0:02:20]} 29. Rxg7 {[%emt 0:02:35]} a5 {[%emt 0:04:06]} 30. Qxa5 {[%emt 0:08:01]} Bxc4 {[%emt 0:00:26]} 31. Rxd7 {[%emt 0:03:01]} Bxb3 {[%emt 0:03:39]} 32. axb3 {[%emt 0:00:51]} Qh1+ {[%emt 0:00:51]} 33. Ka2 {[%emt 0:00:51]} Qa8 {[%emt 0:06:50]} 34. Ra7 {[%emt 0:02:38]} Qd5 {[%emt 0:00:06]} 35. Nb7 {[%emt 0:00:47]} Kf8 {[%emt 0:01:09]} 36. Qxd5 {[%emt 0:00:34]} Nxd5 {[%emt 0:00:08]} 37. Rg5 {[%emt 0:00:14]} Nb4+ {[%emt 0:01:47]} 38. Ka3 {[%emt 0:00:26]} Nc6 {[%emt 0:00:07]} 39. Ra6 {[%emt 0:00:15]} Nd4 {[%emt 0:00:45]} 40. Nd6 {[%emt 0:00:00]} Rb8 {[%emt 0:00:00]} 41. Ra4 {[%emt 0:14:38]} Rxb3+ {[%emt 0:07:26]} 42. Ka2 {[%emt 0:00:48]} Rg3 {[%emt 0:00:05]} 43. Rxf5 {[%emt 0:13:18]} Nxf5 {[%emt 0:05:49]} 44. Nxf5 {[%emt 0:00:01]} Kg8 {[%emt 0:00:25]} 45. Nxg3 {[%emt 0:00:17]} hxg3 {[%emt 0:00:05]} 46. Rg4+ {[%emt 0:00:10]} Kf8 {[%emt 0:00:44]} 47. Rxg3 {[%emt 0:00:07]} Ke7 {[%emt 0:00:29]} 48. Kb3 {[%emt 0:02:34]} Ke6 {[%emt 0:00:05]} 49. Re3 {[%emt 0:00:34]} Rc8 {[%emt 0:00:18]} 50. Kb4 {[%emt 0:00:59]} Kd5 {[%emt 0:00:09]} 51. Rf3 {[%emt 0:01:43]} Rc7 {[%emt 0:00:49]} 52. Rf5 {[%emt 0:00:18]} Rb7+ {[%emt 0:01:52]} 53. Kc3 {[%emt 0:00:42]} Rc7+ {[%emt 0:00:05]} 54. Kd3 {[%emt 0:00:12]} Rb7 {[%emt 0:00:06]} 55. Kc2 {[%emt 0:00:07]} Rc7+ {[%emt 0:00:06]} 56. Kb1 {[%emt 0:00:04]} Rb7 {[%emt 0:00:05]} 57. h4 {[%emt 0:01:26]} Ke4 {[%emt 0:00:23]} 58. Rg5 {[%emt 0:00:51]} Kf4 {[%emt 0:01:55]} 59. Kc2 {[%emt 0:00:22]} Rc7+ {[%emt 0:00:07]} 60. Kd3 {[%emt 0:00:08]} Rb7 {[%emt 0:00:12]} 61. Kc3 {[%emt 0:00:27]} Rc7+ {[%emt 0:00:18]} 62. Kd4 {[%emt 0:00:30]} Rb7 {[%emt 0:00:26]} 63. Rg2 {[%emt 0:01:53]} Rd7+ {[%emt 0:00:15]} 64. Kc5 {[%emt 0:00:16]} Kxe5 {[%emt 0:00:06]} 65. Re2+ {[%emt 0:01:03]} Kf4 {[%emt 0:00:19]} 66. b4 {[%emt 0:00:29]} f5 {[%emt 0:00:41]} 67. Kc6 {[%emt 0:00:25]} Rh7 {[%emt 0:00:13]} 68. Rf2+ {[%emt 0:00:45]} Kg4 {[%emt 0:00:26]} 69. Rg2+ {[%emt 0:00:13]} Kf3 {[%emt 0:00:30]} 70. Rg5 {[%emt 0:00:23]} f4 {[%emt 0:00:08]} 71. b5 {[%emt 0:00:43]} Rxh4 {[%emt 0:00:20]} 72. b6 {[%emt 0:00:11]} Rh6+ {[%emt 0:00:38]} 73. Kc7 {[%emt 0:00:17]} Rh7+ {[%emt 0:00:07]} 74. Kc8 {[%emt 0:00:18]} Rh8+ {[%emt 0:00:07]} 75. Kc7 {[%emt 0:00:04]} Ke4 {[%emt 0:00:31]} 76. Rg7 {[%emt 0:00:23]} f3 {[%emt 0:00:08]} 77. Re7+ {[%emt 0:00:25]} Kd3 {[%emt 0:00:21]} 78. Rf7 {[%emt 0:00:06]} Ke2 {[%emt 0:00:06]} 79. b7 {[%emt 0:00:09]} f2 {[%emt 0:00:05]} 80. b8=Q {[%emt 0:00:17]} Rxb8 {[%emt 0:00:06]} 81. Kxb8 {[%emt 0:00:04]} f1=Q {[%emt 0:00:07]} 82. Rxf1 {[%emt 0:00:03]} Kxf1 {[%emt 0:00:06]} 1/2-1/2

[Event "30th Cracovia Festival-A 2019"]
[Site "Krakow"]
[Date "2020.01.03"]
[Round "8.10"]
[White "Mis, Mieszko"]
[Black "Kopylov, Michael"]
[Result "1/2-1/2"]
[WhiteElo "2320"]
[BlackElo "2411"]
[Annotator "TA"]
[PlyCount "140"]
[EventDate "2019.12.27"]
[EventCountry "POL"]
[SourceTitle "playchess.com"]
[Source "ChessBase"]
[SourceQuality "1"]

{[%evp 19,140,16,27,0,25,6,51,34,59,47,49,51,66,53,115,119,136,137,137,79,234,118,99,89,93,60,71,72,164,144,304,270,361,345,355,352,354,358,350,352,338,50,48,48,56,52,51,64,58,-26,172,176,167,149,165,153,261,261,361,360,358,205,358,354,344,332,407,403,407,400,526,515,1269,1210,12829,12829,12308,2905,12834,12833,12831,12686,2626,1577,706,56,56,56,56,56,62,62,62,62,62,62,69,0,0,0,0,0,0,0,69,69,69,0,69,0,76,0,0,0,0,0,0,0,0,0,0,0,0]} 1. d4 Nf6 2. c4 e6 3. Nf3 d5 4. Nc3 c6 5. cxd5 exd5 6. Qc2 Be7 7. Bg5 Nbd7 {[%cal Bb8d7,Bd7f8,Bf8e6,Be6g7,Bg7f5,Bf5d6,Bd6c4][%mdl 32]} 8. e3 Nf8 9. Bd3 Ne6 10. Bh4 g6 11. Ne5 {D36: Queen's Gambit Declined: Exchange Variation: Main line (5 Bg5 c6 6 Qc2)} (11. O-O O-O 12. Rab1 a5 13. a3 Ng7 14. b4 axb4 15. axb4 Bf5 16. b5 Bxd3 17. Qxd3 Nf5 18. Bxf6 Bxf6 19. bxc6 {½-½ (19) Zubov,A (2605)-Fedoseev,V (2715) Sharjah 2019}) 11... Ng7 12. f3 Bf5 13. O-O-O {White is slightly better.} O-O $146 ({Predecessor:} 13... Nd7 14. Bxe7 Qxe7 15. e4 Nxe5 16. dxe5 dxe4 17. Nxe4 Qxe5 18. Nc5 O-O-O 19. Kb1 Bxd3 20. Nxd3 Qf6 21. Qc5 Qd4 22. Qxd4 Rxd4 23. Ne5 Rxd1+ 24. Rxd1 f6 25. Nd7 Rd8 {0-1 (25) Glicenstein,A (2195)-Shirazi,K (2411) Issy les Moulineaux 2013}) 14. Bxf5 Nxf5 15. Bf2 Nd6 16. h4 Nd7 (16... Nb5 $14) 17. h5 $16 {[%cal Rh5g6]} Nxe5 18. dxe5 Nc4 19. hxg6 (19. f4 $142 $1) 19... hxg6 $2 (19... fxg6 $16 {is a better defense.} 20. Kb1 Ba3) 20. e6 ({Better is} 20. e4 $18) 20... Qd6 21. exf7+ Rxf7 22. Rh6 Rg7 23. f4 Qf6 (23... Bf6 $16) 24. g3 $18 Rd8 $2 (24... Bc5 $16 {was necessary.}) 25. e4 {[%mdl 64] Discovered Attack} dxe4 26. Rxd8+ (26. Bxa7 Rxd1+ 27. Nxd1 Nd6 $14) (26. Nxe4 Qxb2+ 27. Qxb2 Rxd1+ 28. Kxd1 Nxb2+ 29. Ke2 Nc4 $16) 26... Bxd8 27. Nxe4 Qe6 28. Bd4 ({Not} 28. Bxa7 b6 $16) 28... Rh7 29. Rxh7 Kxh7 30. b3 $2 ({Less strong is} 30. Bxa7 Qd5 $16) ({Only move:} 30. Qh2+ $1 $18 Kg8 31. Nc5 {[%mdl 64] Double Attack} (31. Qh6 Kf7 $16) 31... Qe1+ 32. Kc2 Ne3+ 33. Kd3 $1 {[%mdl 512]}) 30... Nd6 $1 $14 31. Qh2+ $40 {[%mdl 128] White attacks.} Kg8 32. Nc5 Qe1+ 33. Kb2 {Black must now prevent Qh8+.} Nf7 34. Nxb7 (34. Qc2 $14 Qxg3 35. Nxb7) 34... Bb6 $2 (34... Qb4 $11 35. Bc3 Qxb7) 35. Bc3 $18 Qf2+ 36. Qxf2 Bxf2 {[%mdl 4096] Endgame KBN-KBN} 37. g4 Bg3 (37... Be3 $16 38. f5 gxf5) 38. Bd2 Nh6 39. g5 Nf5 40. Na5 (40. Kc3 $142) 40... Ne7 $2 (40... Nd4 {was worth a try.} 41. Kc3 Nf3 42. Nxc6 Nxd2) 41. Kc2 Kf7 42. Kd3 Ke6 43. Ke4 Bf2 44. Nc4 Bb6 45. Ne5 Bc7 (45... Nf5 $142 46. Nxg6 Nd6+ 47. Kf3 Bd4) 46. Nxg6 {[%mdl 64] Decoy} Nxg6 47. f5+ Kf7 48. fxg6+ Kxg6 {KB-KB} 49. Be3 a6 50. Kd4 Bd6 51. Kc4 Be7 52. b4 $2 (52. Bf4 $18 Kf5 53. Be3) 52... Kf5 $14 53. Kb3 Bd8 $1 54. a3 Kg6 55. Kc4 {Threatens to win with Kc5.} Be7 56. Kd4 {And now Ke5 would win.} Kf5 $1 57. Kd3 Bd8 58. Ke2 (58. Kc4 $14 Be7 59. Bd2) 58... Be7 59. Kf3 Bd8 60. Ke2 Be7 61. Kd3 ({White should try} 61. g6 $11 Kxg6 62. Kd3) 61... Bd8 $1 62. Kc3 Be7 63. Kc4 Kg6 $1 64. Bb6 (64. Kd3 $14) 64... Kf5 {[#]} (64... Kxg5 $11 {keeps the balance.} 65. Bc5 Kf6) 65. Kb3 ({White should play} 65. Kd4 $1 $16) 65... Bxg5 $11 {The position is equal.} 66. Ka4 {Hoping for Ka5.} Bc1 67. Ka5 {aiming for a4.} Bxa3 68. Kxa6 Bxb4 69. Kb7 c5 {[#]} 70. Bxc5 $1 {[%mdl 512]} Ke5 {Accuracy: White = 50%, Black = 38%.} (70... Bxc5 71. Kc8) 1/2-1/2

[Event "30th Cracovia Festival-A 2019"]
[Site "Krakow"]
[Date "2020.01.03"]
[Round "8.11"]
[White "Kozak, Antoni"]
[Black "Belous, Mikhail"]
[Result "1/2-1/2"]
[WhiteElo "2372"]
[BlackElo "2349"]
[Annotator "NA"]
[PlyCount "63"]
[EventDate "2019.12.27"]
[EventCountry "POL"]
[SourceTitle "playchess.com"]
[Source "ChessBase"]
[SourceQuality "1"]
[TimeControl "40/5400+30:1800+30"]

1. d4 {[%emt 0:00:00]} Nf6 {[%emt 0:00:00]} 2. c4 {[%emt 0:00:00]} e6 {[%emt 0:00:11]} 3. Nf3 {[%emt 0:03:41]} b6 {[%emt 0:00:33]} 4. g3 {[%emt 0:00:07]} Bb7 {[%emt 0:08:31]} 5. Bg2 {[%emt 0:00:08]} c5 {[%emt 0:00:26]} 6. d5 {[%emt 0:00:06]} exd5 {[%emt 0:00:37]} 7. cxd5 {[%emt 0:00:40]} Bxd5 {[%emt 0:06:03]} 8. O-O {[%emt 0:00:13]} Be7 {[%emt 0:02:05]} 9. Nc3 {[%emt 0:05:54]} Bc6 {[%emt 0:05:36]} 10. Nh4 {[%emt 0:17:34]} Bxg2 {[%emt 0:04:36]} 11. Kxg2 {[%emt 0:00:06]} d5 {[%emt 0:06:26]} 12. Nf5 {[%emt 0:00:08]} O-O {[%emt 0:00:56]} 13. e4 {[%emt 0:07:35]} dxe4 {[%emt 0:13:32]} 14. Nd5 {[%emt 0:06:59]} Nxd5 {[%emt 0:07:13]} 15. Qxd5 {[%emt 0:00:16]} Nd7 {[%emt 0:00:54]} 16. Qxe4 {[%emt 0:05:54]} Bf6 {[%emt 0:02:31]} 17. Rd1 {[%emt 0:04:12]} Qc8 {[%emt 0:06:18]} 18. Bf4 {[%emt 0:07:59]} c4 {[%emt 0:02:20]} 19. Nd6 {[%emt 0:07:44]} Nc5 {[%emt 0:01:10]} 20. Qd5 {[%emt 0:00:07]} Qe6 {[%emt 0:02:34]} 21. Nxc4 {[%emt 0:00:06]} Rfd8 {[%emt 0:04:14]} 22. Qxe6 {[%emt 0:02:31]} Nxe6 {[%emt 0:00:12]} 23. Be5 {[%emt 0:00:23]} Bxe5 {[%emt 0:03:26]} 24. Nxe5 {[%emt 0:00:05]} Rxd1 {[%emt 0:01:06]} 25. Rxd1 {[%emt 0:00:02]} Rd8 {[%emt 0:00:44]} 26. Rxd8+ {[%emt 0:00:06]} Nxd8 {[%emt 0:00:01]} 27. Kf3 {[%emt 0:00:06]} f6 {[%emt 0:00:49]} 28. Nd3 {[%emt 0:04:48]} Kf7 {[%emt 0:00:31]} 29. Ke4 {[%emt 0:00:04]} Ke6 {[%emt 0:00:42]} 30. b4 {[%emt 0:00:06]} a6 {[%emt 0:03:50]} 31. a4 {[%emt 0:00:17]} Nc6 {[%emt 0:03:44]} 32. g4 {[%emt 0:00:07] Ke5+} 1/2-1/2

[Event "30th Cracovia Festival-A 2019"]
[Site "Krakow"]
[Date "2020.01.03"]
[Round "8.12"]
[White "Milikow, Yoav"]
[Black "Goluch, Piotr"]
[Result "1-0"]
[WhiteElo "2236"]
[BlackElo "2415"]
[Annotator "NA RC"]
[PlyCount "42"]
[EventDate "2019.12.27"]
[EventCountry "POL"]
[SourceTitle "playchess.com"]
[Source "ChessBase"]
[SourceQuality "1"]
[TimeControl "40/5400+30:1800+30"]

1. d4 Nf6 2. c4 g6 3. Nc3 Bg7 4. e4 d6 5. Be2 O-O 6. Be3 e5 7. d5 a5 8. h4 Na6 9. h5 Nc5 10. Qc2 c6 11. h6 Bh8 12. Rd1 cxd5 13. Bxc5 dxc5 14. cxd5 a4 15. Nf3 a3 16. b3 Qa5 17. O-O Bg4 18. Nxe5 Bxe2 19. Nxe2 Rfe8 20. f4 Qb4 21. Ng3 Ra6 1-0